<Le> réseau de vente

Guardado en:
Detalles Bibliográficos
Autor principal: Fournis, Yves
Formato: Libro
Lenguaje:francés
Publicado: Paris Bordas 1987
Edición:1. éd.
Materias:
Etiquetas: Agregar Etiqueta
Sin Etiquetas, Sea el primero en etiquetar este registro!

MARC

LEADER 00000nam a2200000 4500
001 c001284
005 20221219132803.4
020 |a 2-04-019808-3 
041 0 |a fre 
044 |a FR 
245 1 0 |a <Le> réseau de vente  |c Yves Fournis 
250 |a 1. éd. 
264 1 |a Paris  |b Bordas  |c 1987 
300 |a 229 s. 
610 2 0 |a siete obchodné 
610 2 0 |a predaj 
610 2 0 |a zákazníci 
610 2 0 |a predajne 
610 2 0 |a politika obchodná 
610 2 0 |a odmeňovanie 
610 2 0 |a organizácia práce 
610 2 0 |a rozvoj regionálny 
610 2 0 |a kontrola 
610 2 0 |a pracovníci odborní 
610 2 0 |a vzdelávanie 
610 2 0 |a prostredie pracovné 
610 2 0 |a stimulovanie hmotné 
610 2 0 |a marketing 
610 2 0 |a nástroje ekonomické 
610 2 0 |a ceny 
100 1 |a Fournis, Yves